000 00356nam a22001457a 4500
003 OSt
020 _a1576104702
040 _c0
082 _222
_a005.44769
100 _aSatchell, Stephen T. and Clifford, H. B. J.
245 _aLinux IP stacks commentary /
260 _aUSA,
_bSoriolis Press,
_cc2000.
300 _axiv, 591p. ;
_bill. ;
942 _2ddc
_cIT
999 _c5421
_d5421